|
|
|
|
| LEADER |
00860nab#a2200301#ar4500 |
| 001 |
000080521 |
| 003 |
SVKKK |
| 005 |
20060912105814.0 |
| 008 |
060912c2006 xo e slo |
| FMT |
|
|
|
| 038 |
|
|
|a SVKKK
|
| 040 |
|
|
|a SVKKK
|b slo
|e AACR2
|
| 041 |
0 |
|
|a slo
|b eng
|
| 044 |
|
|
|a xo
|c SK
|
| 080 |
|
|
|a 556.1
|2 1997
|
| 100 |
1 |
|
|a Holko, Ladislav
|4 aut
|
| 245 |
1 |
0 |
|a Hydrologický výskum v experimentálnych a reprezentatívnych povodiach Českej a Slovenskej republiky
|c Ladislav Holko
|
| 300 |
|
|
|b Obr.
|
| 504 |
|
|
|a Res. angl.
|
| 650 |
0 |
4 |
|a povodia experimentálne
|x povodia reprezentatívne
|x výskum hydrologický
|z Česko
|z Slovensko
|
| 773 |
0 |
|
|t Journal of hydrology and hydromechanics
|x 0042-790X
|g Roč. 53, č. 2 (2006), s. 81-82
|
| 958 |
|
|
|a CZ
|
| 958 |
|
|
|a SK
|
| 992 |
|
|
|a RBX
|
| BAS |
|
|
|
| 852 |
|
|
|a SVKKK
|b BIB
|
| EXP |
|
|
|
| 998 |
|
|
|a GEO
|